The Scarlet Letter Franchise - Statistics

General Stats
  • This quiz has been taken 13 times
  • The average score is 13 of 16
Answer Stats
Type Year Name Info % Correct
Novel 1850 The Scarlet Letter Nathaniel Hawthorne
100%
Opera 1896 The Scarlet Letter Walter Damrosch
100%
Short Film 1908 The Scarlet Letter General Film Company
100%
Short Film 1911 The Scarlet Letter Motion Picture Distributing and Sales Company
100%
Short Film 1913 The Scarlet Letter Kinemacolor Company
100%
Short Film 1922 The Scarlet Letter British Exhibitors' Films
100%
Film 1926 The Scarlet Letter MGM
100%
Film 1934 The Scarlet Letter Majestic Pictures
100%
Film 1973 The Scarlet Letter Filmverlag der Autoren
100%
TV Mini-Series 1979 The Scarlet Letter PBS
100%
Film 1995 The Scarlet Letter Buena Vista Pictures / Cinergi Pictures
100%
Opera 2016 The Scarlet Letter Lori Laitman
100%
Film 2010 easy A Screen Gems
33%
Play 2000 F**king A Suzan-Lori Parks
11%
Play 1999 In the Blood Suzan-Lori Parks
11%
Novel 1993 The Holder of the World Bharati Mukherjee
11%
No matching quizzes found
Score Distribution
Percent of People with Each Score
Percentile by Number Answered
Your Score History
You have not taken this quiz